|
|
|
|
| LEADER |
00000nas1a2200000 4500 |
| 001 |
380148 |
| 005 |
20231101062641.0 |
| 035 |
|
|
|a (RuTPU)RU\TPU\prd\838
|
| 035 |
|
|
|a BOOK00000839
|
| 090 |
|
|
|a 380148
|
| 100 |
|
|
|a 20011210b19659999k y0rusy50 ca
|
| 101 |
0 |
|
|a rus
|
| 102 |
|
|
|a LV
|
| 110 |
|
|
|a agaz uu0
|
| 200 |
1 |
|
|a Механика полимеров
|e научно-теоретический журнал
|f Академия наук Латвийской ССР (АН ЛатССР)
|
| 210 |
|
|
|a Рига
|c Зинатне
|d 1965-1978
|
| 305 |
|
|
|a Издается с 1965 г.
|
| 326 |
|
|
|a 6 номеров в год
|
| 440 |
|
1 |
|0 (RuTPU)RU\TPU\prd\255
|x 0203-1272
|t Механика композитных материалов
|o научно-теоретический журнал
|f Латвийская академия наук (ЛАН)
|c Рига
|n Зинатне
|d 1979-1995
|
| 610 |
1 |
|
|a полимеры
|
| 610 |
1 |
|
|a материаловедение
|
| 610 |
1 |
|
|a деформация
|
| 610 |
1 |
|
|a разрушение
|
| 610 |
1 |
|
|a усталость
|
| 675 |
|
|
|a 620.22-419.8
|v 3
|
| 712 |
0 |
2 |
|a Академия наук Латвийской ССР (АН ЛатССР)
|2 stltpush
|3 (RuTPU)RU\TPU\col\1970
|
| 801 |
|
0 |
|a RU
|b 63413507
|c 20011210
|g PSBO
|
| 801 |
|
2 |
|a RU
|b 63413507
|c 20120927
|g PSBO
|
| 942 |
|
|
|c CR
|